Obálka Náhled e-knihy:
PDF Epub
Pro půjčování e-knih musíte být přihlášeni.
Jak si půjčit online?

Vtipy pre deti /

Vtipy na každý deň, ktorými môžeš baviť rodičov alebo cez prestávku rozosmiať celú triedu! Vieš, prečo Francúzi jedia slimáky? Alebo prečo sa nevedia stonožky lyžovať? Vďaka tejto knihe sa staneš triednym zabávačom a vhodný vtip budeš mať vždy poruke.

Uloženo v:
Hlavní autor: Bolyová, Adriana (Autor)
Médium: E-kniha
Jazyk:Czech
Vydáno: Praha : Albatros Media Slovakia s.r.o., 2025
Tagy:
Žádné tagy
LEADER 01253nam a22002297i 4500
001 303374
007 ta
008 260519s2025 xr ||||| |||| 00| 0 cze d
020 |a 9788056645536 
044 |a xr 
100 1 |a  Bolyová, Adriana  |4 aut 
245 1 0 |a Vtipy pre deti /  |c  Bolyová, Adriana 
264 1 |a Praha :  |b Albatros Media Slovakia s.r.o.,  |c 2025 
300 |a 1 online zdroj (72 stran) 
336 |a text  |b txt  |2 rdacontent 
337 |a bez média  |b n  |2 rdamedia 
338 |a online zdroj  |b cr  |2 rdacarrier 
520 2 |a Vtipy na každý deň, ktorými môžeš baviť rodičov alebo cez prestávku rozosmiať celú triedu! Vieš, prečo Francúzi jedia slimáky? Alebo prečo sa nevedia stonožky lyžovať? Vďaka tejto knihe sa staneš triednym zabávačom a vhodný vtip budeš mať vždy poruke. 
910 |a RBIT002 
998 |d 426906  |a https://core.palmknihy.cz/api/books/426906/cover?tesghh  |b https://core.palmknihy.cz/api/books/426906/cover/400?tesghh  |c https://core.palmknihy.cz/api/books/426906/cover/50?tesghh  |e 2037-12-31  |g 72  |i 9788056645536  |j https://core.palmknihy.cz/api/books/426906/preview.epub  |k https://core.palmknihy.cz/api/books/426906/preview.pdf  |l   |q 49  |r 1  |s https://www.palmknihy.cz/kniha/426906  |t ebook  |y 2025  |z 1 
999 |d 303372